| 000 | 003480000a22001450004500 | ||
|---|---|---|---|
| 003 | MACL | ||
| 040 | _aMACL | ||
| 090 |
_c6547 _d6546 |
||
| 100 | _aRastogi, Dr M K | ||
| 245 |
_aPt Govind Ballabh Pant _bLife and his Contribution to the Indian Politics |
||
| 260 |
_bGyanodaya Prakashan _c1987 |
||
| 350 | _a150 | ||
| 650 | _aBiography | ||
| 942 | _cBOOK | ||
| 999 |
_c6499 _d6499 |
||